| 000 | 00986cab a22002535a 4500 | ||
|---|---|---|---|
| 001 | L159910 | ||
| 008 | 150113e2018 xxk 000 0 eng d | ||
| 035 | _a(Sirsi) u159910 | ||
| 041 | 0 | _aeng | |
| 050 | _a698.2 $2 18 | ||
| 100 | 1 | _aArtis, Rosamond | |
| 245 | 0 | 0 |
_aLimewashes and lime paints _h[electronic resource] |
| 260 |
_aLondon _bRICS _c2018 |
||
| 490 |
_aRICS Building Surveying Journal _vMarch - April 2018, 31-32(2) |
||
| 520 | _aLimewash is still used all over the world, and has traditionally been tinted with cheap, local earth or mineral pigments. In Northern Europe, warmer limewash colours have traditionally been favoured under the greyer skies. | ||
| 650 | 2 | 4 | _aLIMEWASHES |
| 650 | 2 | 4 | _aPAINT |
| 650 | 2 | 4 | _aLIME |
| 651 | 4 |
_aUnited Kingdom _y |
|
| 690 | _aBUILT ENVIRONMENT-BUILDING MATERIALS | ||
| 856 | 4 | 0 |
_uhttps://issuu.com/ricsmodus/docs/building_surveying_journal_march_ap_aa689a2c570f4c _z _yAvailable free online via Issuu |
| 856 | 4 | 0 |
_u _z |
| 942 | _n0 | ||
| 999 |
_c85061 _d85061 |
||